The way into the holiest. (Record no. 16583)

000 -LEADER
fixed length control field 00484nam a2200169 a 4500
001 - CONTROL NUMBER
control field :::00019630$&:&@@
003 - CONTROL NUMBER IDENTIFIER
control field OkBaRHE
005 - DATE AND TIME OF LATEST TRANSACTION
control field 20010927152604.0
008 - FIXED-LENGTH DATA ELEMENTS--GENERAL INFORMATION
fixed length control field s1950 j 000 0 eng u
040 ## - CATALOGING SOURCE
Transcribing agency
100 1# - MAIN ENTRY--PERSONAL NAME
Personal name Meyer, F. B.
245 14 - TITLE STATEMENT
Title The way into the holiest.
260 ## - PUBLICATION, DISTRIBUTION, ETC. (IMPRINT)
Place of publication, distribution, etc London
Name of publisher, distributor, etc Marshall, Morgan & Scott
Date of publication, distribution, etc 1950
300 ## - PHYSICAL DESCRIPTION
Extent 191 p.
942 ## - ADDED ENTRY ELEMENTS (KOHA)
Source of classification or shelving scheme
Koha item type Books
Copies
Date acquired Withdrawn status Permanent Location Damaged status Date last seen Price effective from Full call number Not for loan Copy number Lost status Koha item type Source of classification or shelving scheme Shelving location Barcode
2010-04-14 RHEMA Bible Training College 2010-04-142010-04-14BX 2775 .M393 1 Books General Stacks19630